00315nam a2200121Ia 4500008004100000020001500041041001200056100001500068245005200083260003500135300000900170650001400179221030s9999 xx 000 0 und d a8121903455 aEnglish aH. K. Dass 0aAdvanced Engineering Mathematicscby H. K. Dass bS. Chand & CoaNew Delhic2015 a1352 aMCA Maths